[Event "Sparkassen-Open A"]
[Site "Heusenstamm, Martinsee"]
[Date "2024.11.23"]
[Round "4.16"]
[White "Schlömer, Andreas"]
[Black "Usatenko, Ksenia"]
[Result "1-0"]
[WhiteElo "1767"]
[BlackElo "1656"]
[PlyCount "97"]
[EventDate "2024.11.21"]
[WhiteTeam "SK Upland Willingen"]
[BlackTeam "Hanau"]

1. c4 Nf6 2. g3 g6 3. Bg2 Bg7 4. e4 c5 5. Ne2 Nc6 6. Nbc3 d6 7. O-O O-O 8. d3 Be6 9. h3 Qd7 10. Kh2 Qc7 11. Rb1 a6 12. a3 Rab8 13. b4 Na7 14. bxc5 dxc5 15. Bf4 Qd7 16. Bxb8 Rxb8 17. Na4 Qc7 18. Nb6 Nc8 19. Nxc8 Bxc8 20. Qd2 Nd7 21. f4 Nf8 22. Rb3 Ne6 23. Rfb1 Nd4 24. Nxd4 Bxd4 25. Rb6 Be6 26. e5 Qd7 27. Qc2 Bf5 28. Rxb7 Rxb7 29. Rxb7 Qd8 30. Qa4 Bf2 31. Qc2 Qd4 32. Qd1 Qe3 33. Bf3 Bxd3 34. Rb3 Bg1+ 35. Qxg1 Qxf3 36. Qg2 Qxg2+ 37. Kxg2 Bxc4 38. Rc3 Bd5+ 39. Kf2 c4 40. Ke3 Kf8 41. Kd4 Be6 42. h4 Ke8 43. Kc5 Kd8 44. Kb6 Kd7 45. a4 Bd5 46. Rc1 Ke6 47. Kxa6 Kf5 48. Kb6 Ke4 49. Kc5 1-0

[Event "Sparkassen-Open A"]
[Site "Heusenstamm, Martinsee"]
[Date "2024.11.23"]
[Round "4.17"]
[White "Kaiser, Danny"]
[Black "Ahrens, Gunnar"]
[Result "0-1"]
[WhiteElo "1627"]
[BlackElo "1760"]
[PlyCount "96"]
[EventDate "2024.11.21"]
[WhiteTeam "SC Bad Nauheim"]
[BlackTeam "Delmenhorster SK V 1931"]

1. d4 Nc6 2. Nf3 d6 3. c4 e5 4. dxe5 Nxe5 5. Nxe5 dxe5 6. Qxd8+ Kxd8 7. e4 Bb4+ 8. Bd2 Bxd2+ 9. Nxd2 Ne7 10. Rd1 Nc6 11. Be2 Ke7 12. Nf3 f6 13. O-O Bg4 14. Nd4 Nxd4 15. Bxg4 c5 16. f4 Kd6 17. b3 Rhd8 18. Rf2 exf4 19. Rxf4 Ke5 20. Rf2 Rd6 21. Re1 g6 22. g3 Rad8 23. h4 h5 24. Bh3 Ne6 25. Bxe6 Rxe6 26. Kg2 Rd4 27. Kf3 Red6 28. Re3 Rd2 29. Kg2 Rxf2+ 30. Kxf2 Rd2+ 31. Re2 Rxe2+ 32. Kxe2 Kxe4 33. Kf2 Kf5 34. a3 a5 35. Kf3 g5 36. a4 g4+ 37. Ke3 Ke5 38. Kd3 f5 39. Ke3 b6 40. Ke2 Ke4 41. Kf2 f4 42. Kg2 f3+ 43. Kh1 Ke3 44. Kg1 Ke2 45. Kh1 f2 46. Kh2 Kf3 47. b4 f1=Q 48. b5 Qg2# 0-1

[Event "Sparkassen-Open A"]
[Site "Heusenstamm, Martinsee"]
[Date "2024.11.23"]
[Round "4.18"]
[White "Avhopulo, Kirill"]
[Black "Vick, Edward"]
[Result "1/2-1/2"]
[WhiteElo "1743"]
[BlackElo "1626"]
[PlyCount "96"]
[EventDate "2024.11.21"]
[WhiteTeam "SK Marburg 1931/72"]
[BlackTeam "TuS Makkabi Wiesbaden"]

1. d4 d5 2. c4 e6 3. Nf3 Nf6 4. Nc3 Bb4 5. e3 O-O 6. Bd2 Nbd7 7. cxd5 exd5 8. Qb3 Bxc3 9. Bxc3 c6 10. Be2 Ne4 11. Qa3 Nxc3 12. Qxc3 Nf6 13. O-O Ne4 14. Qb3 Qc7 15. Rac1 Rd8 16. Qc2 Bg4 17. Ne5 Bxe2 18. Qxe2 Rd6 19. f3 Nf6 20. Rc5 Nd7 21. Rc3 Nxe5 22. dxe5 Re6 23. f4 Rae8 24. Qf3 Qb6 25. Rb3 Qc7 26. Rc1 R8e7 27. Qg3 f6 28. exf6 Rxf6 29. Qh3 Qd7 30. Qxd7 Rxd7 31. Kf2 Re6 32. g3 Kf7 33. Kf3 g6 34. Rd3 Rde7 35. b4 a6 36. a3 Kf6 37. a4 Rd7 38. Rc2 Red6 39. Rd4 Re7 40. a5 Rde6 41. Rc3 h5 42. h4 Kf5 43. Rcd3 Re4 44. Kf2 Kg4 45. Rxe4 Rxe4 46. Rd4 Re8 47. Rd2 Rb8 48. Rc2 Re8 1/2-1/2

[Event "Sparkassen-Open A"]
[Site "Heusenstamm, Martinsee"]
[Date "2024.11.23"]
[Round "4.19"]
[White "Wambach, Johannes"]
[Black "Marshall, Anton Florian"]
[Result "0-1"]
[WhiteElo "1550"]
[BlackElo "1712"]
[PlyCount "113"]
[EventDate "2024.11.21"]
[WhiteTeam "SK 1982 Klingenberg e.V."]
[BlackTeam "Lübeck"]

1. e4 e5 2. Nf3 Nc6 3. Bc4 Nf6 4. Ng5 d5 5. exd5 b5 6. dxc6 bxc4 7. Qe2 Qd5 8. Nf3 Bd6 9. Nc3 Qxc6 10. Nxe5 Qxg2 11. Nxc4+ Kd8 12. Qf1 Re8+ 13. Ne3 Qf3 14. h3 Bb7 15. Rg1 Nh5 16. Ne2 Qc6 17. Qg2 Qxg2 18. Nxg2 Bxg2 19. Rxg2 Nf4 20. Rxg7 Rxe2+ 21. Kd1 Re7 22. Rxh7 Kd7 23. b3 Rae8 24. c3 Nd3 25. Kc2 Nxf2 26. Bb2 f6 27. Rh5 Re2 28. Rd5 Kc6 29. c4 Be5 30. Rf1 Bxb2 31. Kxb2 R8e6 32. Ka3 Rd6 33. Rf5 Rdxd2 34. Rxf6+ Kb7 35. h4 a5 36. Ra1 Ne4 37. Rf5 Nc3 38. Rxa5 Kb6 39. Rf5 c5 40. b4 cxb4+ 41. Kxb4 Nxa2+ 42. Ka4 Nc3+ 43. Kb4 Ne4 44. c5+ Nxc5 45. Rf6+ Re6 46. Raf1 Rdd6 47. Rxe6 Rxe6 48. Kc4 Kc6 49. h5 Ne4 50. Ra1 Kd7 51. Ra7+ Ke8 52. Kd5 Ng5 53. Rg7 Ra6 54. Ke5 Nf7+ 55. Kf5 Rh6 56. Rg8+ Ke7 57. Rc8 0-1

[Event "Sparkassen-Open A"]
[Site "Heusenstamm, Martinsee"]
[Date "2024.11.23"]
[Round "4.20"]
[White "Welther, Patrick"]
[Black "Liu, Jonas"]
[Result "0-1"]
[WhiteElo "1711"]
[BlackElo "1602"]
[PlyCount "56"]
[EventDate "2024.11.21"]
[WhiteTeam "SC 1934 Gelnhausen"]
[BlackTeam "SV Oberursel"]

1. Nf3 Nf6 2. g3 g6 3. Bg2 Bg7 4. c4 O-O 5. d4 d6 6. O-O Nbd7 7. Nc3 e5 8. e3 c6 9. b3 e4 10. Nd2 d5 11. cxd5 cxd5 12. Ba3 Re8 13. Nb5 Qa5 14. Nd6 Qxa3 15. Nxe8 Nxe8 16. f4 f5 17. Rf2 Ndf6 18. Rc1 Ng4 19. Re2 Nxe3 20. Nb1 Nxd1 21. Nxa3 Bxd4+ 22. Kf1 Ne3+ 23. Ke1 Nxg2+ 24. Rxg2 Bd7 25. Nc2 Bc3+ 26. Kd1 Bg7 27. Nb4 d4 28. Rgc2 d3 0-1

[Event "Sparkassen-Open A"]
[Site "Heusenstamm, Martinsee"]
[Date "2024.11.23"]
[Round "4.23"]
[White "Heller, Holger"]
[Black "Eitel, Liz"]
[Result "1-0"]
[WhiteElo "1704"]
[BlackElo "1546"]
[PlyCount "111"]
[EventDate "2024.11.21"]
[WhiteTeam "SAbt TuS Dotzheim"]
[BlackTeam "SAbt SV Werder Bremen"]

1. d4 d5 2. c4 e6 3. Nc3 Nf6 4. Bg5 Be7 5. e3 h6 6. Bh4 g5 7. Bg3 c5 8. cxd5 Nxd5 9. Bb5+ Bd7 10. Nxd5 exd5 11. Bxd7+ Qxd7 12. Ne2 Nc6 13. O-O c4 14. a3 Bf6 15. Nc3 a6 16. Qf3 Bg7 17. Nxd5 Rd8 18. Nf6+ Bxf6 19. Qxf6 Rh7 20. Rfd1 Qe7 21. Qxe7+ Kxe7 22. d5 Na5 23. Bc7 Nb3 24. Bxd8+ Kxd8 25. Rab1 f5 26. f3 Re7 27. Kf2 Kd7 28. Re1 Nc5 29. Rbd1 Nd3+ 30. Rxd3 cxd3 31. Rd1 Kd6 32. Rxd3 Re5 33. Ke2 Rxd5 34. Rxd5+ Kxd5 35. Kd3 b6 36. g4 fxg4 37. fxg4 a5 38. b4 axb4 39. axb4 b5 40. h3 Ke5 41. e4 Kf4 42. Kd4 Kg3 43. e5 Kxh3 44. e6 Kxg4 45. e7 h5 46. e8=Q h4 47. Qe4+ Kg3 48. Qe3+ Kg4 49. Qg1+ Kh5 50. Ke4 Kg6 51. Ke5 h3 52. Qg3 Kh5 53. Kf5 Kh6 54. Qxg5+ Kh7 55. Kf6 h2 56. Qg7# 1-0

[Event "Sparkassen-Open A"]
[Site "Heusenstamm, Martinsee"]
[Date "2024.11.23"]
[Round "4.27"]
[White "Tobias, Christian"]
[Black "Ritonnale, Theo"]
[Result "1/2-1/2"]
[WhiteElo "1663"]
[BlackElo "1847"]
[PlyCount "61"]
[EventDate "2024.11.21"]
[WhiteTeam "SV Oberursel"]
[BlackTeam "Sfr.Mainz 1928"]

1. e4 e6 2. d4 d5 3. e5 c5 4. c3 Nc6 5. Nf3 Qb6 6. Qb3 Qxb3 7. axb3 cxd4 8. cxd4 Nh6 9. Bxh6 gxh6 10. Nc3 Bb4 11. Be2 O-O 12. O-O Bd7 13. Bd3 a6 14. Ne2 Be7 15. Rac1 Rac8 16. Rfd1 Nb4 17. Bb1 Rc6 18. Rxc6 bxc6 19. Ng3 Rc8 20. Nh5 c5 21. Rc1 cxd4 22. Rxc8+ Bxc8 23. Nxd4 Bd7 24. Nf6+ Bxf6 25. exf6 e5 26. Bf5 Bxf5 27. Nxf5 Kf8 28. Nxh6 Ke8 29. f3 d4 30. Kf1 Nd5 31. Ng4 1/2-1/2

[Event "Sparkassen-Open A"]
[Site "Heusenstamm, Martinsee"]
[Date "2024.11.23"]
[Round "4.28"]
[White "Kuran, Rainer"]
[Black "Berkes, Jörg"]
[Result "0-1"]
[WhiteElo "1652"]
[BlackElo "1836"]
[PlyCount "68"]
[EventDate "2024.11.21"]
[WhiteTeam "Karlsruhe"]
[BlackTeam "SK Langen"]

1. e4 g6 2. d4 Bg7 3. Nf3 d6 4. Bd3 a6 5. c4 Bg4 6. Be2 Nc6 7. Be3 e5 8. d5 Bxf3 9. Bxf3 Nd4 10. O-O Ne7 11. Nc3 Nxf3+ 12. Qxf3 O-O 13. b4 f5 14. Qe2 f4 15. Bd2 a5 16. a3 Qd7 17. Rfc1 g5 18. f3 Rf6 19. c5 h5 20. cxd6 cxd6 21. Nb5 b6 22. Rc7 Qe8 23. Rb7 g4 24. Nc7 Qc8 25. Nxa8 Qxb7 26. bxa5 bxa5 27. fxg4 hxg4 28. Qxg4 Rg6 29. Qh4 Kf8 30. Qe1 Qxa8 31. Bxa5 f3 32. g3 Qa7+ 33. Kh1 Qd4 34. Qf1 f2 0-1

[Event "Sparkassen-Open A"]
[Site "Heusenstamm, Martinsee"]
[Date "2024.11.23"]
[Round "4.29"]
[White "Wang, Enya Marie"]
[Black "Pyshny, Antonia"]
[Result "1-0"]
[WhiteElo "1647"]
[BlackElo "1796"]
[PlyCount "109"]
[EventDate "2024.11.21"]
[WhiteTeam "TSV Schönaich"]
[BlackTeam "SC Eschborn 1974"]

1. e4 e5 2. Nf3 Nc6 3. Bc4 Nf6 4. Ng5 d5 5. exd5 Nxd5 6. Nxf7 Kxf7 7. Qf3+ Ke6 8. Nc3 Ncb4 9. O-O c6 10. d4 Qf6 11. Qe2 Kd7 12. Ne4 Qg6 13. a3 b5 14. Bxb5 cxb5 15. axb4 a6 16. dxe5 Bxb4 17. c4 bxc4 18. Qxc4 Qc6 19. e6+ Kc7 20. Qd4 Bxe6 21. Bf4+ Kb7 22. Qxg7+ Qd7 23. Qd4 a5 24. Bd2 Qe7 25. Bxb4 Nxb4 26. Nc5+ Kc7 27. Rac1 Nc6 28. Qe4 Rhe8 29. Rfe1 Bd7 30. Qf4+ Qd6 31. Qxd6+ Kxd6 32. Red1+ Ke5 33. Nxd7+ Kf4 34. Rxc6 Rad8 35. Rcc1 Re7 36. Nf6 Rxd1+ 37. Rxd1 Re2 38. Nd5+ Ke5 39. b4 axb4 40. Nxb4 Ke4 41. Kf1 Rb2 42. f3+ Kf5 43. Nd3 Rc2 44. Nf2 h5 45. Ne4 h4 46. h3 Kf4 47. Rd2 Rc1+ 48. Kf2 Rc4 49. Rd8 Rc2+ 50. Kg1 Rc1+ 51. Kh2 Ke3 52. Rh8 Rf1 53. Rxh4 Rxf3 54. gxf3 Kxf3 55. Rg4 1-0

[Event "Sparkassen-Open A"]
[Site "Heusenstamm, Martinsee"]
[Date "2024.11.23"]
[Round "4.30"]
[White "Bach, Oliver"]
[Black "Karres, David Tobias"]
[Result "1/2-1/2"]
[WhiteElo "1788"]
[BlackElo "1636"]
[PlyCount "90"]
[EventDate "2024.11.21"]
[WhiteTeam "Sabt Frankfurter TV 1860"]
[BlackTeam "SF Heidelberg"]

1. d4 Nf6 2. Nf3 e6 3. c4 d5 4. Nc3 Bb4 5. e3 O-O 6. Bd3 c5 7. O-O dxc4 8. Bxc4 b6 9. a3 Bxc3 10. bxc3 Qc7 11. Qb3 Bb7 12. Ne5 Nc6 13. Nxc6 Qxc6 14. f3 cxd4 15. cxd4 Rac8 16. Bd3 Qc3 17. Qb1 Rc7 18. Bb2 Qd2 19. e4 Rfc8 20. d5 Nh5 21. Be5 Nf4 22. Bxf4 Qxf4 23. dxe6 fxe6 24. Qe1 Rc3 25. Qe2 Qd6 26. Rfd1 Rxa3 27. Rxa3 Qxa3 28. Kf1 Rc1 29. Bc4 Ba6 30. Bxa6 Rxd1+ 31. Qxd1 Qxa6+ 32. Kf2 Qc8 33. Qb3 Kf7 34. f4 Qc7 35. Kf3 a5 36. g4 Qd6 37. h4 Qc5 38. f5 Qd6 39. g5 g6 40. f6 Qd4 41. Qc2 Qd6 42. Qc8 Qd3+ 43. Kf2 Qd2+ 44. Kf3 Qd3+ 45. Kg2 Qd2+ 1/2-1/2

[Event "Sparkassen-Open A"]
[Site "Heusenstamm, Martinsee"]
[Date "2024.11.23"]
[Round "4.32"]
[White "Neff, Oliver"]
[Black "Aravindhan, Aadvik"]
[Result "1-0"]
[WhiteElo "1700"]
[BlackElo "1529"]
[PlyCount "57"]
[EventDate "2024.11.21"]
[WhiteTeam "SG Wartturm Schaafheim"]
[BlackTeam "Club Zukertort"]

1. e4 e6 2. d4 d5 3. e5 Ne7 4. Bd3 Nf5 5. Bxf5 exf5 6. Nf3 Be7 7. O-O O-O 8. Nbd2 Nd7 9. c4 dxc4 10. Nxc4 c5 11. d5 Nb6 12. Nxb6 Qxb6 13. d6 Bd8 14. d7 Bc7 15. dxc8=N Raxc8 16. Qc2 Rcd8 17. b3 Rd5 18. Bb2 Re8 19. Rad1 Rxd1 20. Rxd1 Qc6 21. Qxf5 Qb6 22. Ng5 Qg6 23. Qxg6 hxg6 24. f4 Bb6 25. Kf1 Re7 26. Nf3 Rc7 27. Rd8+ Kh7 28. Ng5+ Kh6 29. Rh8# 1-0

[Event "Sparkassen-Open A"]
[Site "Heusenstamm, Martinsee"]
[Date "2024.11.23"]
[Round "4.34"]
[White "Kim, David"]
[Black "Traut, Stefan"]
[Result "1/2-1/2"]
[WhiteElo "1568"]
[BlackElo "1697"]
[PlyCount "48"]
[EventDate "2024.11.21"]
[WhiteTeam "SV 1920 Hofheim"]
[BlackTeam "SF Heusenstamm"]

1. e4 c5 2. Nc3 Nc6 3. Nge2 g6 4. d4 cxd4 5. Nxd4 Bg7 6. Be3 e6 7. Bb5 Nge7 8. O-O O-O 9. Qd3 a6 10. Nxc6 Nxc6 11. Bc4 Qc7 12. Qd2 b5 13. Be2 Rd8 14. Bg5 f6 15. Bf4 Ne5 16. Rad1 Bb7 17. Bg3 Rac8 18. a3 Qc5 19. Qd4 Qxd4 20. Rxd4 Kf7 21. f4 Nc4 22. Bxc4 Rxc4 23. Rxc4 bxc4 24. Rd1 d5 1/2-1/2

[Event "Sparkassen-Open A"]
[Site "Heusenstamm, Martinsee"]
[Date "2024.11.23"]
[Round "4.38"]
[White "Milman, Sophie"]
[Black "Haftmann, Rainer"]
[Result "1-0"]
[WhiteElo "1607"]
[BlackElo "1809"]
[PlyCount "103"]
[EventDate "2024.11.21"]
[WhiteTeam "VSG 1880 Offenbach"]
[BlackTeam "SAbt SG 1945 Dietzenbach"]

1. e4 e5 2. Nf3 Nc6 3. d4 exd4 4. Nxd4 Nxd4 5. Qxd4 Qf6 6. Be3 Qxd4 7. Bxd4 f6 8. Bc4 d6 9. Nc3 c6 10. Be3 b5 11. Bb3 a5 12. a4 b4 13. Ne2 c5 14. Bd5 Rb8 15. Bc6+ Bd7 16. Bxd7+ Kxd7 17. b3 g5 18. Rd1 Kc6 19. h4 g4 20. h5 Bh6 21. Bxh6 Nxh6 22. f3 Rbe8 23. Kf2 gxf3 24. gxf3 f5 25. Ng3 fxe4 26. fxe4 Rhf8+ 27. Kg2 Rf6 28. Rhf1 Ref8 29. Rxf6 Rxf6 30. Rd5 Ng4 31. Nf5 Rxf5 32. Rxf5 Ne3+ 33. Kf3 Nxf5 34. exf5 Kd5 35. Kf4 h6 36. f6 Ke6 37. f7 Kxf7 38. Kf5 d5 39. Ke5 d4 40. Kd5 Kf6 41. Kxc5 Kg5 42. Kb5 Kxh5 43. Kxa5 Kg5 44. Kb5 Kf4 45. Kxb4 Ke5 46. a5 Kd6 47. a6 Kc6 48. a7 Kb7 49. Kc4 h5 50. Kxd4 h4 51. Ke3 Kxa7 52. Kf3 1-0

[Event "Sparkassen-Open A"]
[Site "Heusenstamm, Martinsee"]
[Date "2024.11.23"]
[Round "4.39"]
[White "Wernicke, Dieter"]
[Black "Bardorz, Christoph"]
[Result "1/2-1/2"]
[WhiteElo "1601"]
[BlackElo "1787"]
[PlyCount "82"]
[EventDate "2024.11.21"]
[WhiteTeam "SV Mainspitze Ginsheim"]
[BlackTeam "TSV 1869 e. V. Rottendorf"]

1. e4 e5 2. Nf3 Nc6 3. Bb5 a6 4. Ba4 Nf6 5. O-O Be7 6. Re1 b5 7. Bb3 O-O 8. a4 Bb7 9. d3 d6 10. Nbd2 h6 11. Nf1 Re8 12. Ng3 Bf8 13. Nf5 Ne7 14. Ng3 c6 15. h3 Ng6 16. Be3 d5 17. exd5 cxd5 18. axb5 axb5 19. Bd2 Nd7 20. c3 Nc5 21. Bc2 e4 22. dxe4 dxe4 23. Rxa8 Bxa8 24. Nd4 b4 25. Ndf5 bxc3 26. Bxc3 Bd5 27. Ne3 Bc6 28. Qxd8 Rxd8 29. Nef5 Nd3 30. Rd1 Bc5 31. Bxg7 Bxf2+ 32. Kh2 Bxg3+ 33. Kxg3 Rd5 34. Bxh6 Rxf5 35. Bxd3 exd3 36. Rxd3 Rf1 37. Rd2 Re1 38. Kf2 Re4 39. g3 Rb4 40. Rc2 Bd5 41. Bd2 Rb8 1/2-1/2

[Event "Sparkassen-Open A"]
[Site "Heusenstamm, Martinsee"]
[Date "2024.11.23"]
[Round "4.40"]
[White "Wolf, Helena"]
[Black "Lerch, Cornelia"]
[Result "0-1"]
[WhiteElo "1598"]
[BlackElo "1787"]
[PlyCount "64"]
[EventDate "2024.11.21"]
[WhiteTeam "SK Bad Homburg 1927"]
[BlackTeam "SK 1980 Gernsheim"]

1. e4 c5 2. Nf3 d6 3. d4 cxd4 4. Nxd4 Nf6 5. Nc3 g6 6. Be3 Bg7 7. f3 O-O 8. Qd2 Nc6 9. Bc4 Bd7 10. O-O-O Rb8 11. g4 Na5 12. Bb3 b5 13. h4 Nc4 14. Qe2 Nxe3 15. Qxe3 h5 16. gxh5 Nxh5 17. Rhg1 Kh7 18. Kb1 a5 19. a3 b4 20. axb4 axb4 21. Na2 Qb6 22. Qd2 Bh6 23. Qc1 Nf4 24. Ne2 Be6 25. Nd4 Bxb3 26. Nxb3 Rfc8 27. Rd4 Qc7 28. Qd1 Qa7 29. Nxb4 Rxb4 30. Rxb4 Ne2 31. Re1 Nc3+ 32. bxc3 Ra8 0-1

[Event "Sparkassen-Open A"]
[Site "Heusenstamm, Martinsee"]
[Date "2024.11.23"]
[Round "4.41"]
[White "Baumgart, Jost"]
[Black "Steinke, Hans-Jörg"]
[Result "1-0"]
[WhiteElo "1569"]
[BlackElo "1742"]
[PlyCount "57"]
[EventDate "2024.11.21"]
[WhiteTeam "SK Marburg 1931/72"]
[BlackTeam "Schachverein Erkenschwick 1923 e"]

1. e4 e6 2. Nf3 d5 3. exd5 exd5 4. d4 Nf6 5. Bg5 Be7 6. Bd3 Bg4 7. Nbd2 Nbd7 8. h3 Bh5 9. c4 c6 10. O-O O-O 11. Re1 Re8 12. Qc2 Bg6 13. Ne5 Bxd3 14. Qxd3 dxc4 15. Nexc4 Ne5 16. Nxe5 Nd5 17. Bxe7 Nxe7 18. Qb3 Qc8 19. Qxf7+ Kh8 20. Qb3 Nd5 21. Re2 Rf8 22. Rae1 Qc7 23. Re4 Kg8 24. Rh4 Rae8 25. Qd3 Nf6 26. Qb3+ Nd5 27. Ree4 Qc8 28. Qd3 Qd8 29. Ref4 1-0

[Event "Sparkassen-Open A"]
[Site "Heusenstamm, Martinsee"]
[Date "2024.11.23"]
[Round "4.42"]
[White "Bengsch, Norbert"]
[Black "Goodwin, David"]
[Result "1/2-1/2"]
[WhiteElo "1740"]
[BlackElo "1627"]
[PlyCount "40"]
[EventDate "2024.11.21"]
[WhiteTeam "SG Donautal Tuttlingen"]
[BlackTeam "SV 1920 Kelsterbach"]

1. e4 g6 2. d4 Bg7 3. Nc3 d6 4. Nf3 Nd7 5. Bc4 Nb6 6. Bb3 Nh6 7. Be3 Ng4 8. Bf4 O-O 9. h3 Nf6 10. Qd2 Nfd7 11. Bh6 c5 12. Bxg7 Kxg7 13. a3 Qc7 14. Nb5 Qd8 15. dxc5 Ne5 16. Qd4 Kg8 17. Ba2 Be6 18. Bxe6 Nc6 19. Qd1 a6 20. Nbd4 Nxd4 1/2-1/2

[Event "Sparkassen-Open A"]
[Site "Heusenstamm, Martinsee"]
[Date "2024.11.23"]
[Round "4.43"]
[White "Mensendiek, Theodor"]
[Black "Maibaum, Harry"]
[Result "1/2-1/2"]
[WhiteElo "1732"]
[BlackElo "1610"]
[PlyCount "58"]
[EventDate "2024.11.21"]
[WhiteTeam "SF Heusenstamm"]
[BlackTeam "Sfr.Heimersheim"]

1. e4 c5 2. Nf3 Nc6 3. Bb5 Nf6 4. d3 g6 5. c3 Bg7 6. O-O O-O 7. Bg5 d6 8. Re1 Qc7 9. Nbd2 Re8 10. Rc1 a6 11. Ba4 b5 12. Bc2 Nd7 13. Nf1 Nde5 14. Ne3 e6 15. Nxe5 Bxe5 16. Ng4 f5 17. exf5 gxf5 18. Nf6+ Bxf6 19. Bxf6 Qf7 20. Bh4 Bb7 21. Re3 Kf8 22. d4 cxd4 23. cxd4 Ne7 24. Bb3 Nd5 25. Bxd5 Bxd5 26. Rec3 Qg6 27. Rg3 Qf7 28. Re3 Qg6 29. Rg3 Qf7 1/2-1/2

[Event "Sparkassen-Open A"]
[Site "Heusenstamm, Martinsee"]
[Date "2024.11.23"]
[Round "4.45"]
[White "Eckert, Michael"]
[Black "Sharma, Aarav"]
[Result "1-0"]
[WhiteElo "1729"]
[BlackElo "1598"]
[PlyCount "115"]
[EventDate "2024.11.21"]
[WhiteTeam "SK Herborn 1946"]
[BlackTeam "SAbt TuS Makkabi Ffm"]

1. c4 e5 2. g3 Nf6 3. Bg2 Bc5 4. Nc3 O-O 5. e3 Nc6 6. Nge2 d6 7. d4 exd4 8. exd4 Bb6 9. O-O Bf5 10. a3 a6 11. b4 Qc8 12. Re1 Bh3 13. Bh1 Rb8 14. Bg5 Ng4 15. Qd3 h6 16. Bd2 Qe6 17. Nf4 Qf6 18. Nxh3 Bxd4 19. Qf3 Nce5 20. Qxf6 Nxf6 21. Re2 Nxc4 22. Be1 c6 23. Raa2 d5 24. Nf4 Rbe8 25. a4 Bxc3 26. Bxc3 Ne4 27. Bxe4 Rxe4 28. Rxe4 dxe4 29. Re2 Re8 30. f3 f5 31. fxe4 fxe4 32. Nd3 Kf7 33. Nc5 Nd6 34. Rf2+ Kg8 35. Kf1 b5 36. Rd2 Nc4 37. Rd7 Ne3+ 38. Ke2 Nf5 39. g4 Ne7 40. Ra7 bxa4 41. Rxa6 Nd5 42. Bd4 Nxb4 43. Rxa4 Nd5 44. Ra7 Re7 45. Rxe7 Nxe7 46. Ke3 Kf7 47. Kxe4 Kg6 48. h4 Kf7 49. Nd7 g5 50. h5 Ng8 51. Ne5+ Ke6 52. Nxc6 Kf7 53. Kf5 Ke8 54. Kg6 Kf8 55. Bg7+ Ke8 56. Bxh6 Kd7 57. Bxg5 Ke6 58. Kg7 1-0

[Event "Sparkassen-Open A"]
[Site "Heusenstamm, Martinsee"]
[Date "2024.11.23"]
[Round "4.47"]
[White "Hüttinger, Siegfried"]
[Black "Hellmann, Alexander"]
[Result "1-0"]
[WhiteElo "1697"]
[BlackElo "1556"]
[PlyCount "115"]
[EventDate "2024.11.21"]
[WhiteTeam "SC Königsspringer Alzenau e.V"]
[BlackTeam "SJ Herborn 1998"]

1. d4 d5 2. Bf4 Bf5 3. e3 e6 4. c4 c6 5. Nc3 Nf6 6. c5 Be7 7. Nf3 Nbd7 8. Bd3 Bxd3 9. Qxd3 O-O 10. h3 b6 11. b4 a5 12. b5 bxc5 13. bxc6 c4 14. Qc2 Nb6 15. O-O Bd6 16. Ne5 Bxe5 17. Bxe5 Rc8 18. c7 Qd7 19. Rab1 Na8 20. Nb5 Rce8 21. Qa4 Nxc7 22. Bxc7 Ne4 23. Qc2 Rc8 24. Bxa5 Rb8 25. a4 Ra8 26. Be1 Rfb8 27. f3 Nf6 28. Bg3 Rb7 29. Rb4 Qc6 30. Rfb1 Nd7 31. Qc3 Nb6 32. Nd6 Nxa4 33. Rxb7 Qxb7 34. Rxb7 Nxc3 35. Be1 Nd1 36. Nxf7 c3 37. Ne5 Rc8 38. Rb1 c2 39. Rc1 Nxe3 40. Nd7 Nf5 41. Bf2 Rc4 42. Nc5 Kf7 43. g4 Nd6 44. Nd7 Rc3 45. Ne5+ Kf6 46. Kg2 Nb7 47. h4 Na5 48. Be1 Nb3 49. Bxc3 Nxc1 50. Bb2 Nb3 51. Nd3 Na5 52. Kf2 Nc4 53. Bc1 Na5 54. Nc5 Nc6 55. Ke3 Nb4 56. Kd2 Nc6 57. Nb3 Nb4 58. Ba3 1-0

[Event "Sparkassen-Open A"]
[Site "Heusenstamm, Martinsee"]
[Date "2024.11.23"]
[Round "4.50"]
[White "Heidtkamp, Anna"]
[Black "Faisz, David"]
[Result "1-0"]
[WhiteElo "1655"]
[BlackElo "1525"]
[PlyCount "199"]
[EventDate "2024.11.21"]
[WhiteTeam "Düsseldorfer Schachverein 1854"]
[BlackTeam "SK 1926 Ettlingen"]

1. d4 d5 2. Bf4 Nc6 3. Nc3 Nf6 4. Nb5 e5 5. dxe5 a6 6. Nd4 Nxd4 7. Qxd4 c5 8. Qd3 c4 9. Qd4 Ne4 10. e3 Nc5 11. O-O-O Be6 12. Nf3 Ne4 13. Bxc4 Nxf2 14. Bxd5 Bxd5 15. Qa4+ b5 16. Qd4 Nxd1 17. Rxd1 Bxf3 18. gxf3 Qxd4 19. exd4 Bb4 20. c3 Be7 21. d5 O-O 22. Be3 h6 23. f4 g5 24. f5 f6 25. d6 Bd8 26. e6 Re8 27. d7 Re7 28. Bc5 Rg7 29. Re1 Be7 30. Bxe7 Rxe7 31. Rd1 Rd8 32. Rd6 Rf7 33. exf7+ Kxf7 34. Rd3 Ke7 35. Rh3 Rh8 36. Re3+ Kxd7 37. Re6 Rf8 38. Kd2 Rd8 39. Rxa6 Kc7+ 40. Kc2 Rd6 41. Ra7+ Kb6 42. Rf7 Kc5 43. b4+ Kd5 44. Re7 Kc4 45. Rc7+ Kd5 46. Re7 h5 47. Rh7 h4 48. Re7 Rc6 49. h3 Rc4 50. Re6 Rc6 51. Re7 Rc4 52. Rb7 g4 53. hxg4 Rxg4 54. Rxb5+ Ke4 55. Rb7 h3 56. Rh7 Rg2+ 57. Kb3 h2 58. Rh5 Kf4 59. b5 Kg3 60. b6 Rg1 61. Ka4 h1=Q 62. Rxh1 Rxh1 63. Ka5 Kf4 64. a4 Ra1 65. b7 Rb1 66. Ka6 Kxf5 67. a5 Ke6 68. Ka7 f5 69. b8=Q Rxb8 70. Kxb8 f4 71. a6 f3 72. a7 f2 73. a8=Q f1=Q 74. Qe4+ Kf6 75. Qc6+ Kf5 76. Qc8+ Ke5 77. Qe8+ Kd5 78. Qd7+ Ke5 79. Qc7+ Kd5 80. Qb7+ Ke5 81. Qg7+ Kd5 82. Qd4+ Ke6 83. c4 Qb1+ 84. Kc8 Qf5 85. Qd7+ Ke5 86. Qxf5+ Kxf5 87. Kd7 Ke5 88. c5 Kd5 89. c6 Kc5 90. c7 Kb6 91. c8=Q Ka5 92. Qb7 Ka4 93. Qb6 Ka3 94. Qb5 Ka2 95. Qb4 Ka1 96. Kd6 Ka2 97. Kd5 Ka1 98. Kd4 Ka2 99. Kc3 Ka1 100. Qb2# 1-0

[Event "Sparkassen-Open A"]
[Site "Heusenstamm, Martinsee"]
[Date "2024.11.23"]
[Round "4.57"]
[White "Hofmann, André"]
[Black "Wilczek, Jan-Philipp"]
[Result "0-1"]
[WhiteElo "1590"]
[BlackElo "1678"]
[PlyCount "72"]
[EventDate "2024.11.21"]
[WhiteTeam "Düsseldorfer Schachverein 1854"]
[BlackTeam "SAbt TuS Makkabi Ffm"]

1. d4 d5 2. Bf4 Nf6 3. e3 Bf5 4. Nc3 c6 5. f3 e6 6. g4 Bg6 7. h4 h6 8. h5 Bh7 9. Bd3 Bd6 10. Nge2 Qc7 11. Bxh7 Nxh7 12. Qd3 Ng5 13. Bxg5 Bg3+ 14. Kd2 hxg5 15. Rh3 Na6 16. Nxg3 O-O-O 17. a3 f6 18. Rah1 Rh6 19. b3 Rdh8 20. e4 Qd6 21. b4 g6 22. exd5 exd5 23. Na4 Re8 24. hxg6 Rxh3 25. Rxh3 Kb8 26. Nf5 Qf4+ 27. Kc3 Qc1 28. Nb2 Qa1 29. Kb3 Nc7 30. g7 Nb5 31. Ka4 Qxb2 32. Rh8 Nc3+ 33. Qxc3 Qxc3 34. Rxe8+ Kc7 35. Ne3 Qxc2+ 36. Ka5 b6+ 0-1

[Event "Sparkassen-Open A"]
[Site "Heusenstamm, Martinsee"]
[Date "2024.11.23"]
[Round "4.58"]
[White "Kanagaraj, Aarav"]
[Black "Stojanoski, Stefan"]
[Result "1/2-1/2"]
[WhiteElo "1572"]
[BlackElo "1659"]
[PlyCount "133"]
[EventDate "2024.11.21"]
[WhiteTeam "TSV Schott Mainz"]
[BlackTeam "SAbt TuS Makkabi Ffm"]

1. Nf3 Nf6 2. g3 d5 3. d4 Bf5 4. Bg2 e6 5. O-O c5 6. Nh4 Bg6 7. Nxg6 fxg6 8. c4 Qd7 9. cxd5 exd5 10. dxc5 Bxc5 11. Nc3 d4 12. Ne4 Nxe4 13. Bxe4 Nc6 14. Bf4 O-O 15. Qb3+ Kh8 16. Rac1 Bb6 17. Rfd1 Qh3 18. Bg2 Qf5 19. Qd5 Qf6 20. Qd7 g5 21. Qxb7 gxf4 22. Qxc6 Qxc6 23. Rxc6 Rae8 24. Bf3 fxg3 25. hxg3 h6 26. Kg2 Re5 27. Rdc1 Rf7 28. Rc8+ Kh7 29. Rb8 Rd7 30. Rcc8 d3 31. exd3 Rxd3 32. Re8 Rxe8 33. Rxe8 Rd2 34. Re2 Rd8 35. b4 Kg8 36. a4 Rd6 37. a5 Bd4 38. Rd2 Be5 39. Rxd6 Bxd6 40. b5 Bb4 41. b6 axb6 42. axb6 Bd6 43. b7 g5 44. g4 Kg7 45. Bc6 Kf6 46. Kf3 Ke5 47. Ke3 Bc7 48. Kd3 Kf4 49. f3 Ke5 50. Kc4 Bb8 51. Kb5 Ba7 52. Be4 Kd6 53. Ka6 Bb8 54. Kb6 Ke7 55. Kc6 Ke8 56. Bg6+ Kd8 57. Be4 Ke8 58. Kd5 Ke7 59. Bf5 Bc7 60. Ke4 Bf4 61. Bc8 Kf6 62. Kd5 Ke7 63. Kc6 Bb8 64. Bf5 Bd6 65. Bc8 Bf4 66. Kb6 Bb8 67. Kc5 1/2-1/2